Statistics for Sheffield United Scorers in Premier League 2019-20

Click here to take the quiz!

General Stats

  • This quiz has been taken 33 times
  • The average score is 9 of 12

Answer Stats

PlayerGoals% Correct
Lys Mousset6
93%
Oliver McBurnie6
93%
Billy Sharp3
89%
David McGoldrick2
89%
Oliver Norwood1
89%
John Egan2
81%
John Fleck5
81%
Enda Stevens2
74%
George Baldock2
70%
Sander Berge1
63%
Callum Robinson1
56%
John Lundstram5
56%

Score Distribution

Percentile by Number Answered

Percent of People with Each Score

Your Score History

You have not taken this quiz